10 Bands on Y - Statistics

General Stats
  • This quiz has been taken 12 times
  • The average score is 3 of 10
Answer Stats
Answer % Correct
Yes
89%
Yardbirds
56%
Yello
44%
Yazoo
22%
Yeah Yeah Yeahs
22%
Years & Years
11%
Yellowcard
11%
Young Marble Giants
11%
Yellow Magic Orchestra
0%
Young the Giant
0%
No matching quizzes found
Score Distribution
Percent of People with Each Score
Percentile by Number Answered
Your Score History
You have not taken this quiz